000 01027ngm a2200325 a 4500
003 BLK
005 20240613165209.0
008 180410b bul||n||s|||||||| mlbulo|
010 _aCDD00000244000
040 _aBLK
041 _aDEU
_cDEU
080 _aХудожествени филмови жанрове
_b791.221/.228
_z791.221/.228
245 1 0 _aErnst Lubitsch Collection [DVD видео]
_bBd. 1-6
_creg. Ernst Lubitsch.
_nCD 5
257 _aDEU
260 _bGoethe Inst.
_cs.a.
300 _c1 DVD : PAL : ч б
_fбр. в к-т
_g1 CD
380 _a7
505 _rdrehbuchaut. Hanns Kraly; darst. Victor Janson; darst. Marga Kohler; darst. Edith Meller.
_tDie Bergkatze
700 1 _aLubitsch, Ernst
_ereg.
_917306
760 1 _h82мин.
_tCD 5
852 _aЦб CD 1823
_p1
856 4 _qpdf
_u
856 4 _qpdf
_u
942 _cCDD
_n0
944 _aCR
_c18.09.2008
_k30542
_lРусанова Ирена
944 _aED
_c18.09.2008
999 _c215355
_d215355
999 _d215355
999 _d215355
999 _d215355